Olds' maternal-newborn nursing & women's health across the lifespan / (Record no. 18601)
[ view plain ]
| 000 -LEADER | |
|---|---|
| fixed length control field | 01576cam a22004094a 4500 |
| 001 - CONTROL NUMBER | |
| control field | 16492655 |
| 005 - DATE AND TIME OF LATEST TRANSACTION | |
| control field | 20141111160205.0 |
| 008 - FIXED-LENGTH DATA ELEMENTS--GENERAL INFORMATION | |
| fixed length control field | 101005t2012 xxua frbdf 001 0 eng d |
| 010 ## - LIBRARY OF CONGRESS CONTROL NUMBER | |
| LC control number | 2010042912 |
| 020 ## - INTERNATIONAL STANDARD BOOK NUMBER | |
| International Standard Book Number | 9780132109079 |
| 020 ## - INTERNATIONAL STANDARD BOOK NUMBER | |
| International Standard Book Number | 0132109077 |
| 040 ## - CATALOGING SOURCE | |
| Original cataloging agency | DNLM/DLC |
| Transcribing agency | DLC |
| Modifying agency | DLC |
| -- | EG-ScBUE |
| 082 00 - DEWEY DECIMAL CLASSIFICATION NUMBER | |
| Classification number | 618.20231 |
| Edition number | 22 |
| Item number | DAV |
| 100 1# - MAIN ENTRY--PERSONAL NAME | |
| Personal name | Davidson, Michele R. |
| 9 (RLIN) | 22311 |
| 245 10 - TITLE STATEMENT | |
| Title | Olds' maternal-newborn nursing & women's health across the lifespan / |
| Statement of responsibility, etc | Michele R. Davidson, Marcia L. London, Patricia A. Wieland Ladewig. |
| 246 3# - VARYING FORM OF TITLE | |
| Title proper/short title | Olds' maternal-newborn nursing and women's health across the lifespan |
| 246 30 - VARYING FORM OF TITLE | |
| Title proper/short title | Maternal-newborn nursing & women's health across the lifespan |
| 250 ## - EDITION STATEMENT | |
| Edition statement | 9th ed. |
| 260 ## - PUBLICATION, DISTRIBUTION, ETC. (IMPRINT) | |
| Place of publication, distribution, etc | Upper Saddle River, United States : |
| Name of publisher, distributor, etc | Pearson, |
| Date of publication, distribution, etc | c.2012. |
| 300 ## - PHYSICAL DESCRIPTION | |
| Extent | xxx, 1238 p. : |
| Other physical details | ill. (col.) ; |
| Dimensions | 29 cm. |
| 500 ## - GENERAL NOTE | |
| General note | Includes appendixes. |
| 500 ## - GENERAL NOTE | |
| General note | Glossary : p. 1164-1178. |
| 500 ## - GENERAL NOTE | |
| General note | Index : p. 1179-1238. |
| 504 ## - BIBLIOGRAPHY, ETC. NOTE | |
| Bibliography, etc | Includes bibliographical references. |
| 650 #0 - SUBJECT ADDED ENTRY--TOPICAL TERM | |
| Topical term or geographic name as entry element | Maternity nursing |
| Form subdivision | Handbooks, manuals, etc. |
| 9 (RLIN) | 22312 |
| 650 #0 - SUBJECT ADDED ENTRY--TOPICAL TERM | |
| Topical term or geographic name as entry element | Neonatal nursing |
| Form subdivision | Handbooks, manuals, etc. |
| 9 (RLIN) | 22313 |
| 650 10 - SUBJECT ADDED ENTRY--TOPICAL TERM | |
| Topical term or geographic name as entry element | Maternal-Child Nursing |
| General subdivision | methods |
| 9 (RLIN) | 20352 |
| 650 20 - SUBJECT ADDED ENTRY--TOPICAL TERM | |
| Topical term or geographic name as entry element | Neonatal Nursing |
| General subdivision | methods |
| 9 (RLIN) | 22328 |
| 650 20 - SUBJECT ADDED ENTRY--TOPICAL TERM | |
| Topical term or geographic name as entry element | Nursing Assessment |
| General subdivision | methods |
| 9 (RLIN) | 12182 |
| 650 20 - SUBJECT ADDED ENTRY--TOPICAL TERM | |
| Topical term or geographic name as entry element | Pregnancy Complications |
| General subdivision | nursing |
| 9 (RLIN) | 21372 |
| 650 20 - SUBJECT ADDED ENTRY--TOPICAL TERM | |
| Topical term or geographic name as entry element | Women's Health |
| 9 (RLIN) | 19968 |
| 653 ## - INDEX TERM--UNCONTROLLED | |
| Resource For college | Nursing |
| Arrived date list | November2014 |
| 655 ## - INDEX TERM--GENRE/FORM | |
| Form subdivision | |
| -- | 34232 |
| 700 1# - ADDED ENTRY--PERSONAL NAME | |
| Personal name | London, Marcia L. |
| 9 (RLIN) | 20354 |
| 700 1# - ADDED ENTRY--PERSONAL NAME | |
| Personal name | Ladewig, Patricia W. |
| 9 (RLIN) | 36174 |
| 942 ## - ADDED ENTRY ELEMENTS (KOHA) | |
| Source of classification or shelving scheme | Dewey Decimal Classification |
| Call number prefix | 618.20231 DAV |
| Withdrawn status | Item status | Source of classification or shelving scheme | Damaged status | Not for loan | Vendor | Home library | Current library | Shelving location | Date acquired | Source of acquisition | Cost, normal purchase price | Serial Enumeration / chronology | Total Checkouts | Full call number | Barcode | Date last seen | Cost, replacement price | Koha item type |
|---|---|---|---|---|---|---|---|---|---|---|---|---|---|---|---|---|---|---|
| Dewey Decimal Classification | Baccah | Central Library | Central Library | Ground Floor | 11/11/2014 | 250.00 | 20677 | 618.20231 DAV | 000036981 | 15/07/2025 | 312.50 | Reference (NB) |